Normal view
MARC view
Entry Personal Name
001 - CONTROL NUMBER
- control field: 59612
003 - CONTROL NUMBER IDENTIFIER
- control field: dpl
005 - DATE AND TIME OF LATEST TRANSACTION
- control field: 20231206155156.0
008 - FIXED-LENGTH DATA ELEMENTS
- fixed length control field: 231206|| aca||aabn | a|a d
040 ## - CATALOGING SOURCE
- Original cataloging agency: dpl
- Transcribing agency: dpl
100 ## - HEADING--PERSONAL NAME
- Personal name: Kulshrestha, Asim
670 ## - SOURCE DATA FOUND
- Source citation: Work cat.: (dpl)199516: 26630 Rawat, Anuja , Yog Yogi Yogini/, 2023
